ბათუმის შოთა რუსთაველის სახელმწიფო უნივერსიტეტის ბიბლიოთეკა

ტოპონიმიკური ძიებანი. ნაწ. 1. (ბიბ.ჩანაწერი № 51099)

000 -LEADER
fixed length control field 00902nam a2200229Ia 4500
001 - CONTROL NUMBER
control field 18056
003 - CONTROL NUMBER IDENTIFIER
control field GE_BSU
008 - FIXED-LENGTH DATA ELEMENTS--GENERAL INFORMATION
fixed length control field 181216s||||||||xx |||||||||||||| ||und||
040 ## - CATALOGING SOURCE
Transcribing agency GE_BSU
080 ## - UNIVERSAL DECIMAL CLASSIFICATION NUMBER
Universal Decimal Classification number 81'373.21(075.8)
100 ## - MAIN ENTRY--PERSONAL NAME
Personal name ღლონტი, ალექსანდრე
245 ## - TITLE STATEMENT
Title ტოპონიმიკური ძიებანი. ნაწ. 1.
245 ## - TITLE STATEMENT
Remainder of title დამხმ. სახელმძღვ. უმაღლ. სასწავლებელთა ფილოლოგიის ფაკ-ტის სტუდ-ს
245 ## - TITLE STATEMENT
Statement of responsibility, etc. რედ. შ.ძიძიგური
260 ## - PUBLICATION, DISTRIBUTION, ETC.
Place of publication, distribution, etc. თბილისი
260 ## - PUBLICATION, DISTRIBUTION, ETC.
Name of publisher, distributor, etc. თბილ. უნ-ტის გამ-ბა
260 ## - PUBLICATION, DISTRIBUTION, ETC.
Date of publication, distribution, etc. 1971
300 ## - PHYSICAL DESCRIPTION
Extent 107 გვ.22სმ.
653 ## - INDEX TERM--UNCONTROLLED
Uncontrolled term ტოპონიმიკა
653 ## - INDEX TERM--UNCONTROLLED
Uncontrolled term ტოპონიმიკური ძიებანი
942 ## - ADDED ENTRY ELEMENTS (KOHA)
Koha item type წიგნი
ეგზემპლარები
Withdrawn status Lost status Damaged status Not for loan Date acquired Barcode Date last seen Price effective from Koha item type Public note
        2018-12-17 46002 2018-12-17 2018-12-17 წიგნი  
        2018-12-17 46003 2018-12-17 2018-12-17 წიგნი  
        2018-12-17 46004 2018-12-17 2018-12-17 წიგნი  
        2018-12-17 46005 2018-12-17 2018-12-17 წიგნი  
        2018-12-17 46006 2ლ. 2018-12-17 2018-12-17 წიგნი 2ლ.
        2018-12-17 46007 2018-12-17 2018-12-17 წიგნი  
        2018-12-17 46033 2018-12-17 2018-12-17 წიგნი